Algebra (Sem. 1/ B.Sc. 1) (Record no. 9232)

MARC details
000 -LEADER
fixed length control field 00401nam a22001577a 4500
003 - CONTROL NUMBER IDENTIFIER
control field OSt
008 - FIXED-LENGTH DATA ELEMENTS--GENERAL INFORMATION
fixed length control field 201119b ||||| |||| 00| 0 eng d
020 ## - INTERNATIONAL STANDARD BOOK NUMBER
International Standard Book Number 9789380896007
100 ## - MAIN ENTRY--PERSONAL NAME
Personal name Jain, M.L and Dhaonchak, Poonam Kumari
245 ## - TITLE STATEMENT
Title Algebra (Sem. 1/ B.Sc. 1)
250 ## - EDITION STATEMENT
Edition statement 19th Ed.
260 ## - PUBLICATION, DISTRIBUTION, ETC. (IMPRINT)
Place of publication, distribution, etc New Delhi
Name of publisher, distributor, etc Jevvansons
Date of publication, distribution, etc 2020
300 ## - PHYSICAL DESCRIPTION
Extent Misc
650 ## - SUBJECT ADDED ENTRY--TOPICAL TERM
Topical term or geographic name as entry element B.Sc. Non Medical
942 ## - ADDED ENTRY ELEMENTS (KOHA)
Source of classification or shelving scheme Dewey Decimal Classification
Koha item type Text Books
942 ## - ADDED ENTRY ELEMENTS (KOHA)
-- 6
Holdings
Withdrawn status Lost status Source of classification or shelving scheme Damaged status Not for loan Collection code Home library Current library Date acquired Source of acquisition Currency Cost, normal purchase price Bill Number Total Checkouts Acc. no. / Barcode Date last seen Actual Cost, discounted price Bill Date Koha item type Date last borrowed
    Dewey Decimal Classification     B.Sc Non Medical PIET NCR College Library PIET NCR College Library 19/11/2020 Kirti Prakashan Indian Rup 225.00 IN397   N330 19/11/2020 191.20 19/11/2020 Reference Books  
    Dewey Decimal Classification     B.Sc Non Medical PIET NCR College Library PIET NCR College Library 19/11/2020 Kirti Prakashan Indian Rup 225.00 IN397 3 N331 29/12/2021 191.20 19/11/2020 Text Books 06/12/2021
    Dewey Decimal Classification     B.Sc Non Medical PIET NCR College Library PIET NCR College Library 19/11/2020 Kirti Prakashan Indian Rup 225.00 IN397   N332 19/11/2020 191.20 19/11/2020 Text Books  
    Dewey Decimal Classification     B.Sc Non Medical PIET NCR College Library PIET NCR College Library 19/11/2020 Kirti Prakashan Indian Rup 225.00 IN397 2 N333 18/12/2021 191.20 19/11/2020 Text Books 06/12/2021
    Dewey Decimal Classification     B.Sc Non Medical PIET NCR College Library PIET NCR College Library 19/11/2020 Kirti Prakashan Indian Rup 225.00 IN397 1 N334 27/12/2021 191.20 19/11/2020 Text Books 18/12/2021

Design & Developed by: PIET Central Library
R70 Miles Stone Pattikalyana Samalkha Panipat 132102
mail ID :- [email protected], Phone No:- 0180-2569700 Ex.216